IFM Opac

Economics, an anti-text (Record no. 20573)

MARC details
000 -LEADER
fixed length control field 00268nam a22001217a 4500
082 ## - DEWEY DECIMAL CLASSIFICATION NUMBER
Classification number 330.1 GEE
100 ## - MAIN ENTRY--PERSONAL NAME
Personal name GREEN, Francis.
245 ## - TITLE STATEMENT
Title Economics, an anti-text
260 ## - PUBLICATION, DISTRIBUTION, ETC.
Place of publication, distribution, etc. London.
Date of publication, distribution, etc. 1977
300 ## - PHYSICAL DESCRIPTION
Extent xii,215p.
Other physical details Ill., 18cm.
500 ## - GENERAL NOTE
General note References
942 ## - ADDED ENTRY ELEMENTS (KOHA)
Koha item type Books
Holdings
Withdrawn status Lost status Damaged status Not for loan Home library Current library Shelving location Date acquired Total Checkouts Full call number Barcode Date last seen Price effective from Koha item type
Withdrawn       IFM Main Campus Library IFM Main Campus Library Archival Collection 08/28/2019   330.1 GEE 0000008669 08/28/2019 02/19/2022 Books